[Event "CP-2010-P-00029"]
[Site "LSS email"]
[Date "2010.09.28"]
[Round "?"]
[White "Bancevich, Sergey Stanislavov"]
[Black "Bujdak, Pavol"]
[Result "0-1"]
[WhiteElo "2200"]
[BlackElo "1723"]
[PlyCount "32"]
[EventDate "2010.10.01"]
[EventType "tourn (corr)"]
[EventRounds "6"]
[EventCountry "GER"]
[SourceTitle "Corr 2015"]
[Source "ChessBase"]
[SourceDate "2015.07.17"]
[SourceVersion "1"]
[SourceVersionDate "2015.07.17"]
[SourceQuality "1"]

1. d4 Nf6 2. Nf3 e6 3. Bg5 Be7 4. Nbd2 d5 5. e3 0-0 6. Bd3 c5 7. c3 Nc6 8. 0-0 b6 9. Ne5 Nxe5 10. dxe5 Nd7 11. Bxe7 Qxe7 12. f4 Bb7 13. Qh5 g6 14. Qh6 f6 15. exf6 Nxf6 16. Qg5 Qg7 0-1

[Event "CP-2010-P-00029"]
[Site "LSS email"]
[Date "2010.09.28"]
[Round "?"]
[White "Bancevich, Sergey Stanislavov"]
[Black "Zasinets, Dima"]
[Result "0-1"]
[WhiteElo "2200"]
[BlackElo "1777"]
[PlyCount "30"]
[EventDate "2010.10.01"]
[EventType "tourn (corr)"]
[EventRounds "6"]
[EventCountry "GER"]
[SourceTitle "Corr 2015"]
[Source "ChessBase"]
[SourceDate "2015.07.17"]
[SourceVersion "1"]
[SourceVersionDate "2015.07.17"]
[SourceQuality "1"]

1. d4 d5 2. Nf3 Nf6 3. c4 c6 4. Nc3 a6 5. Ne5 Nbd7 6. Bf4 dxc4 7. Nxc4 b5 8. Ne5 Bb7 9. e3 c5 10. Nxd7 Nxd7 11. d5 g6 12. Be2 Bg7 13. 0-0 0-0 14. Qc2 b4 15. Ne4 Bxd5 0-1

[Event "CP-2007-S-00002"]
[Site "LSS email"]
[Date "2010.04.06"]
[Round "?"]
[White "Domanov, Dmitry"]
[Black "Bancevich, Sergey Stanislavov"]
[Result "1/2-1/2"]
[WhiteElo "2392"]
[BlackElo "2200"]
[PlyCount "89"]
[EventDate "2010.04.09"]
[EventType "tourn (corr)"]
[EventRounds "6"]
[EventCountry "GER"]
[SourceTitle "Telechess CBM 147"]
[Source "ChessBase"]
[SourceDate "2012.03.16"]
[SourceVersion "1"]
[SourceVersionDate "2012.03.16"]
[SourceQuality "1"]

1. e4 c6 2. d4 d5 3. Nc3 dxe4 4. Nxe4 Bf5 5. Ng3 Bg6 6. Nf3 Nd7 7. Bd3 e6 8. 0-0 Ngf6 9. b3 Qc7 10. c4 Bd6 11. Re1 0-0 12. Bxg6 hxg6 13. Qc2 c5 14. dxc5 Nxc5 15. Bb2 Rfd8 16. Rad1 Rac8 17. a3 Bf8 18. Be5 Bd6 19. Rxd6 Rxd6 20. Bxd6 Qxd6 21. Rd1 Qc7 22. h3 a5 23. Nf1 Rd8 24. Rxd8+ Qxd8 25. Qd2 Qe7 26. Qc3 Nfe4 27. Qe3 f5 28. b4 axb4 29. axb4 Na6 30. b5 Nac5 31. N1d2 Qd6 32. g3 b6 33. Nxe4 Nxe4 34. Kf1 e5 35. h4 Kf7 36. Kg2 Ke7 37. g4 Kd7 38. gxf5 gxf5 39. h5 Kc7 40. Nh4 Qf6 41. Ng6 Qd6 42. f3 Nf6 43. Qxe5 Qxe5 44. Nxe5 Nxh5 45. Kh3 1/2-1/2

[Event "CP-2007-S-00002"]
[Site "LSS email"]
[Date "2010.04.06"]
[Round "?"]
[White "Martinez, Jorge"]
[Black "Bancevich, Sergey Stanislavov"]
[Result "1/2-1/2"]
[WhiteElo "2228"]
[BlackElo "2255"]
[PlyCount "71"]
[EventDate "2010.04.09"]
[EventType "tourn (corr)"]
[EventRounds "6"]
[EventCountry "GER"]
[SourceTitle "Telechess CBM 141"]
[Source "ChessBase"]
[SourceDate "2011.03.17"]
[SourceVersion "1"]
[SourceVersionDate "2011.03.17"]
[SourceQuality "1"]

1. c4 Nf6 2. Nc3 e6 3. e4 c5 4. e5 Ng8 5. Nf3 Nc6 6. d4 cxd4 7. Nxd4 Nxe5 8. Ndb5 a6 9. Nd6+ Bxd6 10. Qxd6 f6 11. Be3 Ne7 12. Bb6 Nf5 13. Qb4 Nc6 14. Qc5 Qe7 15. 0-0-0 Qxc5 16. Bxc5 d6 17. Bxd6 Nxd6 18. Rxd6 Bd7 19. Be2 Ke7 20. Rhd1 Rhd8 21. c5 Rac8 22. f4 Be8 23. a3 Rxd6 24. Rxd6 Rd8 25. Rxd8 Kxd8 26. Kd2 e5 27. fxe5 Nxe5 28. Ke3 Bf7 29. b4 Nc4+ 30. Bxc4 Bxc4 31. Kd4 Bf1 32. g3 Kd7 33. a4 Kc6 34. Ne4 Be2 35. h4 Kd7 36. Nc3 1/2-1/2

[Event "LSS WC-2014-P-00011"]
[Site "LSS email"]
[Date "2010.02.18"]
[Round "?"]
[White "Bancevich, Sergey Stanislavov"]
[Black "Dvoinikov, Andrey Nikolaevich"]
[Result "1/2-1/2"]
[WhiteElo "2256"]
[BlackElo "2425"]
[PlyCount "62"]
[EventDate "2010.02.24"]
[EventType "tourn (corr)"]
[EventRounds "10"]
[EventCountry "GER"]
[SourceTitle "Telechess CBM 141"]
[Source "ChessBase"]
[SourceDate "2011.03.17"]
[SourceVersion "1"]
[SourceVersionDate "2011.03.17"]
[SourceQuality "1"]

1. d4 Nf6 2. Nf3 e6 3. c4 b6 4. g3 Ba6 5. Nbd2 d5 6. Bg2 Be7 7. 0-0 0-0 8. Ne5 c5 9. cxd5 exd5 10. Ndf3 h6 11. Bf4 Re8 12. Rc1 Bb7 13. Qa4 Bd6 14. Rfd1 a5 15. h3 Na6 16. Nh4 cxd4 17. Qxd4 Bc5 18. Qd3 Re6 19. Qf5 Qf8 20. Ng4 Rae8 21. e3 Bc8 22. Bxd5 Nxd5 23. Qxd5 g5 24. Bxg5 hxg5 25. Qxg5+ Qg7 26. Qf4 Nb4 27. a3 Nc6 28. Nf5 Qg6 29. Nh4 Qg7 30. Nf5 Qg6 31. Nh4 Qg7 1/2-1/2

[Event "LSS WC-2014-P-00011"]
[Site "LSS email"]
[Date "2010.02.18"]
[Round "?"]
[White "Bancevich, Sergey Stanislavov"]
[Black "Pedro, Fernando"]
[Result "1-0"]
[WhiteElo "2256"]
[BlackElo "2095"]
[PlyCount "81"]
[EventDate "2010.02.24"]
[EventType "tourn (corr)"]
[EventRounds "10"]
[EventCountry "GER"]
[SourceTitle "Telechess CBM 141"]
[Source "ChessBase"]
[SourceDate "2011.03.17"]
[SourceVersion "1"]
[SourceVersionDate "2011.03.17"]
[SourceQuality "1"]

1. d4 Nf6 2. Nf3 e6 3. c4 d5 4. Nc3 c6 5. Bg5 h6 6. Bh4 dxc4 7. e4 g5 8. Bg3 b5 9. Be2 Bb7 10. 0-0 Nbd7 11. Ne5 Bg7 12. Nxd7 Nxd7 13. Bd6 Bf8 14. Bxf8 Rxf8 15. a4 a6 16. e5 Qb6 17. Ne4 0-0-0 18. Nd6+ Kb8 19. axb5 axb5 20. b3 cxb3 21. Qd3 f6 22. Qxb3 fxe5 23. Qxe6 Rf6 24. Qe7 exd4 25. Nxb7 Kxb7 26. Bg4 Qc7 27. Ra2 Rff8 28. Rfa1 Rfe8 29. Qf7 Qf4 30. Ra7+ Kb6 31. Qxf4 gxf4 32. Bxd7 Re5 33. R7a6+ Kc7 34. Bxc6 d3 35. Bf3 d2 36. Kf1 Rde8 37. g4 fxg3 38. hxg3 Re1+ 39. Kg2 R8e6 40. Ra8 Rxa1 41. Rxa1 1-0

[Event "LSS BI-2009-F-00002"]
[Site "LSS email"]
[Date "2010.02.15"]
[Round "?"]
[White "Bancevich, Sergey Stanislavov"]
[Black "Broniek, Mariusz Maciej"]
[Result "0-1"]
[WhiteElo "2252"]
[BlackElo "2345"]
[PlyCount "98"]
[EventDate "2010.02.17"]
[EventType "tourn (corr)"]
[EventRounds "10"]
[EventCountry "GER"]
[SourceTitle "Telechess CBM 141"]
[Source "ChessBase"]
[SourceDate "2011.03.17"]
[SourceVersion "1"]
[SourceVersionDate "2011.03.17"]
[SourceQuality "1"]

1. d4 Nf6 2. Nf3 e6 3. c4 d5 4. Nc3 Be7 5. Bg5 h6 6. Bh4 Nbd7 7. e3 0-0 8. Rc1 Re8 9. Bd3 dxc4 10. Bxc4 a6 11. a4 c5 12. 0-0 cxd4 13. Nxd4 Qb6 14. Qb3 Qxb3 15. Bxb3 b6 16. Rfd1 Bb4 17. Nc6 Bc5 18. Bg3 Bb7 19. Ne5 Nxe5 20. Bxe5 Red8 21. h3 Kf8 22. Bc4 Rxd1+ 23. Rxd1 Ke7 24. Kf1 Ne8 25. Bd4 Bxd4 26. Rxd4 Nd6 27. Bb3 a5 28. e4 Ba6+ 29. Ke1 Rc8 30. f3 Nc4 31. Bxc4 Rxc4 32. Rxc4 Bxc4 33. e5 Kd7 34. Kf2 Kc6 35. Ke3 Kc5 36. Ne4+ Kb4 37. Nd6 Bb3 38. f4 Bxa4 39. Kd2 Kc5 40. Ke3 Bd7 41. g4 a4 42. Nxf7 b5 43. Kd3 b4 44. Nd6 Kd5 45. h4 g6 46. Nf7 Bb5+ 47. Kd2 Bf1 48. h5 gxh5 49. gxh5 Kc4 0-1

[Event "LSS BI-2009-F-00002"]
[Site "LSS email"]
[Date "2010.02.15"]
[Round "?"]
[White "Bancevich, Sergey Stanislavov"]
[Black "Walker, Jeffrey"]
[Result "1/2-1/2"]
[WhiteElo "2260"]
[BlackElo "2112"]
[PlyCount "25"]
[EventDate "2010.02.17"]
[EventType "tourn (corr)"]
[EventRounds "10"]
[EventCountry "GER"]
[SourceTitle "Corr 2013"]
[Source "ChessBase"]
[SourceDate "2012.11.12"]
[SourceVersion "1"]
[SourceVersionDate "2012.11.12"]
[SourceQuality "1"]

1. d4 e6 2. c4 f5 3. Nc3 Nf6 4. g3 d5 5. Bg2 c6 6. Nf3 Bd6 7. Bf4 Bxf4 8. gxf4 0-0 9. e3 Bd7 10. Ne5 Be8 11. Qb3 Qb6 12. Qxb6 axb6 13. cxd5 1/2-1/2